The year the Big Apple went bust /

Bibliographic Details
Main Author: Ferretti, Fred
Format: Book
Language:English
Published: New York : Putnam, [1976]
Subjects:

MARC

Tag First Indicator Second Indicator Subfields
LEADER 00000pam a2200000 i 4500
001 in00000494821
005 20151013054601.0
008 751217s1976 nyuc 00010 eng
010 |a  75044452  
035 |a (OCoLC)01991151 
035 |9 ACC2975AM 
040 |a DLC  |c DLC  |d TXA  |d UtOrBLW 
043 |a n-us-ny 
049 |a TXAM  |c [1511486] 
050 0 0 |a HJ9289.N4  |b F47 1976 
082 0 |a 336.747/1 
100 1 |a Ferretti, Fred. 
245 1 4 |a The year the Big Apple went bust /  |c Fred Ferretti. 
264 1 |a New York :  |b Putnam,  |c [1976] 
264 4 |c ©1976 
300 |a 416 pages :  |b portraits ;  |c 22 cm. 
336 |a text  |b txt  |2 rdacontent 
337 |a unmediated  |b n  |2 rdamedia 
338 |a volume  |b nc  |2 rdacarrier 
650 0 |a Finance, Public  |z New York (State)  |z New York. 
650 0 |a Debts, Public  |z New York (State)  |z New York. 
999 |a MARS 
999 f f |s 2306b0b4-8006-381e-ae1c-b32bdf4ccbe4  |i d4bf97c8-cab3-3ea4-8575-da76e3c5fadf  |t 0 
952 f f |p ric  |a Texas A&M University  |b Rellis Campus  |c Joint Library Facility  |d Remote Storage  |t 0  |e HJ9289.N4 F47 1976  |h Library of Congress classification  |i unmediated -- volume  |m A14802900708 
998 f f |a HJ9289.N4 F47 1976  |t 0  |l Remote Storage